书目信息 |
| 000 | 00417nam0 2200157 450 | |
| 001 | 0657962234 | |
| 005 | 20060810160653.21 | |
| 100 | @a20060810d km y0chiy0120 ea | |
| 101 | 0 | @achi |
| 200 | 1 | @a论教学系统@Alun jiao xue xi tong@f姚鸿章著@Fyao hong zhang zhu |
| 215 | @a99页@d20cm | |
| 606 | 0 | @a教学理论 |
| 690 | @aG421@v3 | |
| 701 | 0 | @a姚鸿章@Ayao hong zhang@4著 |
| 801 | 0 | @aCN@bPFT@c20060810 |
| 905 | @a10447@dG421@e129 | |
| 论教学系统/姚鸿章著 |
| 99页;20cm |
| ISBN : |
| ● |
| 相关链接 |
|
|
|
|
正题名:论教学系统
索取号:G421/129
 
预约/预借
| 序号 | 登录号 | 条形码 | 馆藏地/架位号 | 状态 | 备注 |
| 1 | 0448483 | 204484833 | 密集书库/ [索取号:G421/129] | 在馆 | |
| 2 | 0448723 | 204487233 | 密集书库/ [索取号:G421/129] | 在馆 |